Movies Quiz

Random Movies or Role Quiz

Match the Remake/Reboot Quiz Stats

 Plays Quiz Updated Mar 20, 2019

Score 0/15 Timer 06:00
7 Plays Today
Question Answer Wrong Answers
The Karate Kid The Karate Kid
94.9%
Rush Hour
2.5%
House of Sand and Fog
0.3%
Big Trouble in Little China
0.8%
Charlie and the Chocolate Factory Willy Wonka and the Chocolate Factory
92.3%
Mr. Magorium's Wonder Emporium
2%
The Cat in the Hat
1.1%
How the Grinch Stole Christmas
3.2%
The Magnificent Seven The Magnificent Seven
91.5%
Shane
1.1%
The Outlaw Josey Wales
3.3%
True Grit
2.3%
The Ghostbusters The Ghostbusters
90.4%
Hot Pursuit
1.4%
Charlie's Angels
1.3%
The A-Team
5.6%
Arthur Arthur
86.8%
The Fugitive
1.9%
The Thomas Crown Affair
5.9%
Chinatown
3.4%
Jumanji Jumanji
86.5%
Krippendorf's Tribe
4.5%
Jurassic Park
7.1%
The Jungle Book
0.6%
Superman Returns Superman
83.6%
Get Smart
4.4%
L.A. Confidential
4.5%
Chinatown
5.7%
Ocean's Eleven Ocean's Eleven
83.2%
Police Academy
6.3%
Almost Famous
7.4%
Scooby Doo
1.3%
The Pink Panther The Pink Panther
81.7%
Inspector Gadget
6.7%
Gone Girl
4.5%
Bonnie and Clyde
5.2%
Psycho Psycho
77.9%
Strangers on a Train
8.1%
Rosemary's Baby
4.3%
Les Diaboliques
7.8%
True Grit True Grit
76.6%
Shane
6.8%
The Magnificent Seven
4%
The Outlaw Josey Wales
10.6%
Planet of the Apes Planet of the Apes
75.5%
George of the Jungle
3.2%
King Kong
19.1%
Guardians of the Galaxy
0.7%
The Producers The Producers
75.4%
Dragnet
10.5%
The Other Guys
5.8%
Dumb and Dumber To
6.3%
Total Recall Total Recall
66.1%
Interstellar
17.7%
Galaxy Quest
8.8%
Gravity
5.4%
The Longest Yard The Longest Yard
63.2%
North Dallas Forty
11.8%
Remember the Titans
9.5%
Rudy
13.6%

You're not logged in!

Compare scores with friends on all Sporcle quizzes.
OR
Log In

Sporcle TV

Today on Sporcle TV


Watch our educational content, quiz creation guides, and fun videos on Sporcle TV.

Show Comments

Extras

Top Quizzes Today


Score Distribution

Your Account Isn't Verified!

In order to create a playlist on Sporcle, you need to verify the email address you used during registration. Go to your Sporcle Settings to finish the process.

Report this User

Report this user for behavior that violates our Community Guidelines.

Details: